| 000 | 01835nam0a22005291 4500 | ||
|---|---|---|---|
| 001 | RU\NLR\A1SV\53391 | ||
| 005 | 20260406051905.0 | ||
| 035 | _a(NLR Aleph) 009735356 | ||
| 090 |
_a9924161 _c9924161 |
||
| 100 | _a20050629d1925 u y0rusy50 ca | ||
| 101 | 1 |
_arus _cger |
|
| 102 | _aRU | ||
| 200 | 1 |
_aРазвитие одного ребенка _fМелания Клейн (Melanie Klein, Berlin) _gПер. д-ра В.А.Белоусова _gПредисл. проф. И.Д.Ермакова |
|
| 210 |
_aМ. _cГос. изд-во _d1925 |
||
| 215 |
_a85, [2] с. _d23 см |
||
| 225 |
_aПсихол. и психоанал. б-ка _fПод ред. проф. И.Д.Ермакова _vВып.13 |
||
| 300 | _aДата указана на корешке | ||
| 300 | _aНапеч. в Ленинграде | ||
| 620 | _dМосква | ||
| 620 | _dСанкт-Петербург | ||
| 700 | 1 |
_8rus _7ca _aКляйн _bМ. _f1882 - 1960 _gМелани _3RU\NLR\AUTH\777041 _9116983 |
|
| 702 | 1 |
_aБелоусов _bВ.А. _f1895-1971 _gВладимир Александрович |
|
| 702 | 1 |
_aЕрмаков _bИ.Д. _f1875-1942 _gИван Дмитриевич |
|
| 790 | 1 |
_6z01700 _aКлейн _bМ. _gМелания |
|
| 790 | 1 |
_8eng _7ba _aKlein _bM. _f1882 - 1960 _gMelanie _3RU\NLR\AUTH\7731166 _914177 |
|
| 801 | 0 |
_aRU _bNLR _c20050629 |
|
| 899 |
_aРНБ _j38.29.4.21-13 |
||
| 899 |
_aРНБ _j38.29.4.21-13а |
||
| 899 | _aГПИБ | ||
| 899 | _aСамОУНБ | ||
| 899 | _aРГБ | ||
| 899 | _aБАН | ||
| 899 | _aSLK | ||
| 899 | _aСПбГУ | ||
| 899 | _aМГУ | ||
| 899 | _aНБУВ | ||
| 899 | _aНБ Бел. | ||
| 899 | _aКирОУНБ | ||
| 899 | _aEAR | ||
| 899 | _aLatNB | ||
| 899 | _aILRC | ||
| 899 | _aСГСПУ | ||
| 942 | _cBOOK | ||
| 980 | _aNB | ||
| 980 | _aA1SV | ||
| 980 | _aA1SV | ||